000 00629nam a22002297a 4500
999 _c6859
_d6859
001 6859
003 BD-JhCC
005 20180207091224.0
008 180131b xxu||||| |||| 00| 0 eng d
035 _a(BD-JhCC)6859
040 _aBD-JhCC
_dBD-JhCC
041 _aeng
082 _a361
_bMEE 1976
245 _aMeeting human needs 2 :
_badditional perspectives from thirteen countries /
_ceditor by Daniel Thurssz
260 _aLondon :
_bSage Publications,
_c1976.
300 _a286 p. :
_c22 cm.
650 _aSociel Service
650 _aPublic welfare
700 _aThurssz, Daniel
942 _2ddc
_cBK